| 000 | 01243nam a22001937a 4500 | ||
|---|---|---|---|
| 003 | JO-AjAnu | ||
| 005 | 20260418092646.0 | ||
| 008 | 260418b jo ||||| |||| 00| 0 ara d | ||
| 040 |
_aANU _cJO-AjAnu |
||
| 041 | _hARA | ||
| 100 |
_aالقضاة، ايمن محمود مصطفى _eمعد _966941 |
||
| 245 |
_aدور الحوكمة الرقمية في تعزيز امان المعاملات المصرفية الإسلامية من وجهة نظر العاملين في البنوك الإسلامية الأردنية =The Role of Digital Governance in Enhancing the Security of Islamic Banking Transactions from the Perspective of Employees in Jordanian Islamic Banks _c / ايمن محمود مصطفى القضاة ؛ اشراف محي الدين يعقوب ابو الهول |
||
| 260 |
_aعجلون: _bجامعة عجلون الوطنية؛ _c2026 |
||
| 300 | _a135 ورقة | ||
| 500 | _aرسالة جامعية (رسالة ماجستير في المصارف الاسلامية-كلية الاعمال) جامعة عجلون الوطنية؛ 2026 | ||
| 650 | _vالبنوك الاسلامية-الاقتصاد الاسلامي | ||
| 700 |
_aابو الهول، محي الدين يعقوب _964950 _eمشرف |
||
| 942 |
_2lcc _cTHS _n0 |
||
| 999 |
_c34172 _d34172 |
||